000 00286nam a2200109Ia 4500
008 231129s9999||||xx |||||||||||||| ||spa||
082 _aER- 027
100 _aíngel Albalucí­a
245 0 _a"¡Oh gloria inmarcesible!"
264 _aBogotá: Colombia Nueva 1979
942 _2ddc
_cBKS
999 _c4104
_d4104